[Event "Kongsberg-ch"]
[Site "Kongsberg"]
[Date "2012.10.02"]
[Round "2"]
[White "Edvardsen, Magnus"]
[Black "Johnsen, Knut Atle"]
[Result "1/2-1/2"]
[WhiteElo "1630"]
[BlackElo "1459"]
[PlyCount "126"]
[EventDate "2012.09.11"]
[EventType "tourn"]
[EventRounds "7"]
[EventCountry "NOR"]
[SourceTitle "EXT 2024"]
[Source "ChessBase"]
[SourceDate "2023.10.10"]
[SourceVersion "1"]
[SourceVersionDate "2023.10.10"]
[SourceQuality "1"]

1. Nf3 d5 2. g3 Nf6 3. Bg2 c5 4. 0-0 Nc6 5. d3 e6 6. Nbd2 Be7 7. e4 0-0 8. a4 b6 9. Ne1 Ba6 10. f4 dxe4 11. Nxe4 Qc7 12. Nc3 Rad8 13. Be3 Nd4 14. Bxd4 Rxd4 15. Nf3 Rdd8 16. Ne5 Bb7 17. Nb5 Qb8 18. Bxb7 Qxb7 19. Qf3 Qxf3 20. Rxf3 a6 21. Nc7 Bd6 22. Nxa6 Ra8 23. Nc4 Bxf4 24. Rxf4 Rxa6 25. Nd6 Nd5 26. Rf3 f6 27. Nb5 Rd8 28. c3 e5 29. Kf2 Rda8 30. b3 Ra5 31. Rc1 Rd8 32. Re1 Raa8 33. Re4 Rd7 34. Ke2 Rad8 35. Kd2 Ne7 36. Kc2 Nc6 37. Na3 h6 38. Nc4 Rb8 39. Rg4 Kf7 40. h4 g6 41. Re4 Kg7 42. Re1 Na5 43. Nd2 b5 44. axb5 Rxb5 45. Ref1 f5 46. Re1 Rdb7 47. Rxe5 Nxb3 48. Nxb3 Rxb3 49. Re7+ Rxe7 50. Kxb3 Re5 51. d4 cxd4 52. cxd4 Rb5+ 53. Kc4 Ra5 54. Re3 g5 55. hxg5 hxg5 56. d5 f4 57. gxf4 gxf4 58. Rf3 Ra4+ 59. Kb5 Rd4 60. Kc6 Rc4+ 61. Kd7 Kf7 62. d6 Ra4 63. Rc3 Rd4 1/2-1/2